00534cam a22001812 4500001001100000005001700011008004100028020001500069040001500084100003400099245007600133250001300209260002600222300001800248650005100266700003200317852000300349000002052620151217152216.0110921s xx 000 0 eng d a0853698364 aKABUcKABU1 aDonnelly, Ryan F.@000018087110aMCQs in pharmaceutical calculations /cRyan F. Donnelly, Johanne Barry. a 1st ed. aLondon :bPhP,c2009. axxix, 337 p. 0aPharmacyxProblems, exercises,etc.@00001808691 aBarry, Johanne.@00001808721